000 00238 a2200097 4500
001 57544
100 _a
245 _aSchaum's 3000 Solved Problems In Chemistry
260 _aSingapore
_bMc Graw Hill
_c1988
090 _c35274
_d35274
942 _aNUST-CAE
_cMONOGRAPH
_c28085
999 _c292617
_d292617